Lanean...
Sasthravum Scienceum /
| Egile nagusia: | |
|---|---|
| Formatua: | Printed Book |
| Hizkuntza: | Malayalam |
| Argitaratua: |
Thrissur :
Bharatheeya Sahitya Samithi ,
1968.
|
| LEADER | 00558cam a2200181ua 4500 | ||
|---|---|---|---|
| 020 | |c 1.25 | ||
| 041 | |a mal | ||
| 082 | |a 501 |b KUT/SA | ||
| 100 | |a Kuttikrishna Marar, . | ||
| 245 | |a Sasthravum Scienceum / |c Kuttikrishna Marar. |h Textual Documents | ||
| 260 | |a Thrissur : |b Bharatheeya Sahitya Samithi , |c 1968. | ||
| 300 | |a 52 ; . | ||
| 365 | |a 1.25 | ||
| 504 | |||
| 541 | |e 12736 |h 1.25 | ||
| 942 | |c BK | ||
| 999 | |c 33266 |d 33266 | ||
| 952 | |0 0 |1 0 |4 0 |6 501_000000000000000 |7 0 |9 43736 |a KAUAET |b KAUAET |d 2012-04-07 |m 0 |o 501 |p KAU_KCAET-12736 |r 2012-04-07 |w 2012-04-07 |y BK | ||